University Home | Library Home | Institutional Repository

The evangelisation of pagan Africa : (Record no. 216560)

MARC details
000 -LEADER
fixed length control field 00690nam a22001937a 4500
005 - DATE AND TIME OF LATEST TRANSACTION
control field 20260408132600.0
008 - FIXED-LENGTH DATA ELEMENTS--GENERAL INFORMATION
fixed length control field 260408b |||||||| |||| 00| 0 eng d
040 ## - CATALOGING SOURCE
Original cataloging agency LC
Transcribing agency UNZA
Modifying agency UNZA
Description conventions RDA
050 ## - LIBRARY OF CONGRESS CALL NUMBER
Classification number ZAMB BV3500
Item number DUP 1930
100 ## - MAIN ENTRY--PERSONAL NAME
Personal name Du Plessis, Johannes
245 ## - TITLE STATEMENT
Title The evangelisation of pagan Africa :
Remainder of title a history of Christian missions to the pagan tribes of central Africa /
Statement of responsibility, etc. J. Du Plessis.
260 ## - PUBLICATION, DISTRIBUTION, ETC.
Place of publication, distribution, etc. Cape Town:
Name of publisher, distributor, etc. J.C. Juta and company Limitted,
Date of publication, distribution, etc. 1932.
300 ## - PHYSICAL DESCRIPTION
Extent xii, 408 pages.
504 ## - BIBLIOGRAPHY, ETC. NOTE
Bibliography, etc. note Includes bibliographical references.
650 ## - SUBJECT ADDED ENTRY--TOPICAL TERM
Topical term or geographic name entry element Missions
General subdivision Africa,Central
650 ## - SUBJECT ADDED ENTRY--TOPICAL TERM
Topical term or geographic name entry element Missions
General subdivision Africa, East
650 ## - SUBJECT ADDED ENTRY--TOPICAL TERM
Topical term or geographic name entry element Missions
Geographic subdivision Africa, West.
942 ## - ADDED ENTRY ELEMENTS (KOHA)
Koha item type Zambian collection
999 ## -
-- 216560
-- 216560
Holdings
Withdrawn status Lost status Source of classification or shelving scheme Damaged status Not for loan Home library Current library Shelving location Date acquired Total Checkouts Full call number Barcode Date last seen Copy number Price effective from Koha item type
    Library of Congress Classification     Main Library Main Library Special collections 04/08/2026   ZAMB BV3500 DUP 1930 33729000122874 04/08/2026 C.1 04/08/2026 Zambian collection
© 2026 - The University of Zambia Library - Koha v25.11